<?xml version="1.0" encoding="UTF-8"?>
<record
    xmlns:xsi="http://www.w3.org/2001/XMLSchema-instance"
    xsi:schemaLocation="http://www.loc.gov/MARC21/slim http://www.loc.gov/standards/marcxml/schema/MARC21slim.xsd"
    xmlns="http://www.loc.gov/MARC21/slim">

  <leader>00560nam a2200205 r 4500</leader>
  <controlfield tag="003">3228</controlfield>
  <controlfield tag="005">20260619092831.0</controlfield>
  <controlfield tag="008">210817s9999    xx     e      000 1 AFR d</controlfield>
  <datafield tag="020" ind1=" " ind2=" ">
    <subfield code="a">9780796306708 (softback)</subfield>
  </datafield>
  <datafield tag="020" ind1=" " ind2=" ">
    <subfield code="a">0796306702</subfield>
  </datafield>
  <datafield tag="040" ind1=" " ind2=" ">
    <subfield code="a">MPL</subfield>
    <subfield code="b">eng</subfield>
    <subfield code="c">3228</subfield>
    <subfield code="e">rda</subfield>
  </datafield>
  <datafield tag="041" ind1=" " ind2=" ">
    <subfield code="a">Afrikaans</subfield>
  </datafield>
  <datafield tag="082" ind1=" " ind2=" ">
    <subfield code="a">AF VOS</subfield>
  </datafield>
  <datafield tag="100" ind1=" " ind2=" ">
    <subfield code="a">Vos, Barend</subfield>
    <subfield code="9">4666</subfield>
    <subfield code="e">author</subfield>
  </datafield>
  <datafield tag="245" ind1=" " ind2="0">
    <subfield code="a">Eksodus : 'n Bybelse roman /</subfield>
    <subfield code="c">Barend Vos</subfield>
  </datafield>
  <datafield tag="250" ind1=" " ind2=" ">
    <subfield code="a">Tweede Uitgawe</subfield>
  </datafield>
  <datafield tag="260" ind1=" " ind2=" ">
    <subfield code="a">Wellington</subfield>
    <subfield code="c">&#xA9; 2007</subfield>
    <subfield code="c">&#xA9; 2001</subfield>
    <subfield code="b">Lux Verbi. BM</subfield>
  </datafield>
  <datafield tag="300" ind1=" " ind2=" ">
    <subfield code="a">269 pages :</subfield>
    <subfield code="c">21 cm .</subfield>
  </datafield>
  <datafield tag="942" ind1=" " ind2=" ">
    <subfield code="c">BK</subfield>
    <subfield code="2">ddc</subfield>
    <subfield code="y">245</subfield>
    <subfield code="z">Izakina Blanche</subfield>
  </datafield>
  <datafield tag="999" ind1=" " ind2=" ">
    <subfield code="c">244353</subfield>
    <subfield code="d">244352</subfield>
  </datafield>
  <datafield tag="952" ind1=" " ind2=" ">
    <subfield code="0">0</subfield>
    <subfield code="1">0</subfield>
    <subfield code="2">ddc</subfield>
    <subfield code="4">0</subfield>
    <subfield code="7">0</subfield>
    <subfield code="8">F</subfield>
    <subfield code="a">JEREL</subfield>
    <subfield code="b">JEREL</subfield>
    <subfield code="c">FIC</subfield>
    <subfield code="d">2021-08-18</subfield>
    <subfield code="l">0</subfield>
    <subfield code="o">AF VOS</subfield>
    <subfield code="p">33228022883100</subfield>
    <subfield code="r">2021-08-18</subfield>
    <subfield code="w">2021-08-18</subfield>
    <subfield code="y">BK</subfield>
    <subfield code="z">0940097809</subfield>
  </datafield>
</record>
